Tự học tiếng Nga trong 3 tháng

Uloženo v:
Podrobná bibliografie
Hlavní autor: Quang Đạo
Médium: Kniha
Jazyk:Undetermined
Vydáno: Hà Nội Thanh niên 2004
Témata:
Tagy: Přidat tag
Žádné tagy, Buďte první, kdo otaguje tento záznam!
Thư viện lưu trữ: Trung tâm Học liệu Trường Đại học Cần Thơ
LEADER 00505nam a2200193Ia 4500
001 CTU_93867
008 210402s9999 xx 000 0 und d
020 |c 29000 
082 |a 491.7 
082 |b Qu106 
100 |a Quang Đạo 
245 0 |a Tự học tiếng Nga trong 3 tháng 
245 0 |c Quang Đạo 
260 |a Hà Nội 
260 |b Thanh niên 
260 |c 2004 
650 |a Russian language 
904 |i Tuyến 
980 |a Trung tâm Học liệu Trường Đại học Cần Thơ